000 00476nam a2200181Ia 4500
008 090124s9999 xx 000 0 und d
082 _b106024
100 _aरेगे सरिता
245 _a रुप कथ्थक
250 _a1
260 _c1957
300 _a50
600 _aरेगे सरिता
630 _a रुप कथ्थक
700 _aरेगे सरिता
730 _a रुप कथ्थक
942 _cBOOK
999 _c152115
_d152115